000 00294nam a22001337a 4500
008 170810b xxu||||| |||| 00| 0 eng d
020 _a029236729738
041 _aeng
080 _27TH
_a004
100 _a35
101 _aSHK
245 _aHOW THE INTERNET WORKS
_cGRALLA,P
942 _2udc
_cBK
999 _c23096
_d23096